Gregory of Nyssa, Augustine of Hippo, and the Filioque /
In The Filioque Reconsidered , Chungman Lee offers a concise yet thorough evaluation of the contemporary discussion on the filioque and the remaining issues still at stake. Lee examines the trinitarian theologies of Gregory of Nyssa and Augustine of Hippo, as representative of, respectively, the eas...
المؤلف الرئيسي:
التنسيق: كتاب الكتروني
اللغة: English
منشور في:
Leiden; Boston :
BRILL,
2021.
سلاسل:
Vigiliae Christianae, Supplements ;
169.
الموضوعات:
الوصول للمادة أونلاين: Login to view Source
الوسوم: إضافة وسم
رقم الطلب: BR1
| LEADER | 02276nam a22004331i 4500 | ||
|---|---|---|---|
| 001 | BRILL9789004465169 | ||
| 003 | nllekb | ||
| 005 | 20230510123208.0 | ||
| 006 | m d | ||
| 007 | cr un uuuua | ||
| 008 | 210430s2021 ne sb 001 0 eng d | ||
| 020 | |a 9789004465169 |q (electronic book) | ||
| 020 | |a 9789004465152 |q (print) | ||
| 024 | 7 | |a 10.1163/9789004465169 |2 DOI | |
| 035 | |z (OCoLC)1246626393 | ||
| 040 | |a NL-LeKB |c NL-LeKB |e rda | ||
| 050 | 4 | |a BR1 | |
| 072 | 7 | |a JFCA |2 bicssc | |
| 072 | 7 | |a REL |x 070000 |2 bisacsh | |
| 072 | 7 | |a REL |x 070000 |2 bisacsh | |
| 082 | 0 | 4 | |a 230.05 |2 23 |
| 100 | 1 | |a Lee, Chungman, |e author. | |
| 245 | 1 | 0 | |a Gregory of Nyssa, Augustine of Hippo, and the Filioque / |c Chungman Lee. |
| 264 | 1 | |a Leiden; |a Boston : |b BRILL, |c 2021. | |
| 300 | |a 1 online resource. | ||
| 336 | |a text |b txt |2 rdacontent | ||
| 337 | |a computer |b c |2 rdamedia | ||
| 338 | |a online resource |2 rdacarrier | ||
| 490 | 1 | |a Vigiliae Christianae, Supplements ; |v 169 | |
| 504 | |a Includes bibliographical references and index. | ||
| 520 | |a In The Filioque Reconsidered , Chungman Lee offers a concise yet thorough evaluation of the contemporary discussion on the filioque and the remaining issues still at stake. Lee examines the trinitarian theologies of Gregory of Nyssa and Augustine of Hippo, as representative of, respectively, the eastern and western patristic traditions. He demonstrates that they share similar ideas on the monarchy of the Father and on the role of the Son in the procession of the Holy Spirit, notwithstanding their slightly different expressions and perspectives. As such, the present study seeks to work towards a common patristic foundation for reconciliation between East and West on the problem of the filioque . | ||
| 588 | |a Description based on print version record. | ||
| 650 | 0 | |a Theology,Christianity. | |
| 776 | 0 | 8 | |i Print version: |t Gregory of Nyssa, Augustine of Hippo, and the Filioque, |d Leiden ; Boston : BRILL, 2021 |z 9789004465152 |
| 830 | 0 | |a Vigiliae Christianae, Supplements ; |v 169. | |
| 856 | 4 | |z DOI: |u http://dx.doi.org/10.1163/9789004465169 | |
| 942 | |2 lcc |c EBOOK | ||
| 952 | |0 0 |1 0 |2 lcc |4 0 |6 BR0001 |7 1 |9 47223 |a BRILL |b BRILL |d 2023-05-10 |l 0 |o BR1 |r 2023-05-10 00:00:00 |w 2023-05-10 |y EBOOK | ||
| 999 | |c 52729 |d 52729 | ||
